Kluby Ekstraklasy 2022/23 - Statystyki

Ogólne statystyki
  • Ten quiz został rozwiązany 80 razy
  • Średni wynik to 14 z 18
Statystyki odpowiedzi
nr. Odpowiedź % Poprawnych
17 Lech
99%
2 Legia Warszawa
99%
9 Raków
97%
5 Pogoń
94%
15 Lechia
88%
7 Śląsk Wrocław
87%
1 Wisła Płock
85%
4 Cracovia
84%
13 Widzew
82%
10 Górnik
76%
8 Zagłębie
75%
12 Korona
72%
3 Stal Mielec
72%
11 Jagiellonia
71%
16 Warta
71%
18 Miedź
66%
14 Piast
62%
6 Radomiak
62%
Nie znaleziono quizów pasujących do podanych kryteriów
Rozkład punktacji
Procent ludzi z każdym wynikiem
Percentyl według liczby udzielonych odpowiedzi
Twoja historia wyników
Nie rozwiązałeś tego quizu